Cyber crimes : (Record no. 10957)
[ view plain ]
| 000 -LEADER | |
|---|---|
| fixed length control field | 00586nam a22001932 4500 |
| 001 - CONTROL NUMBER | |
| control field | 0000008503 |
| 005 - DATE AND TIME OF LATEST TRANSACTION | |
| control field | 20151217154403.0 |
| 008 - FIXED-LENGTH DATA ELEMENTS--GENERAL INFORMATION | |
| fixed length control field | 080416s xx 000 0 eng d |
| 020 ## - INTERNATIONAL STANDARD BOOK NUMBER | |
| International Standard Book Number | 8130902281 : |
| Terms of availability | KES 2100 |
| 040 ## - CATALOGING SOURCE | |
| Original cataloging agency | KABU |
| Transcribing agency | KABU |
| 100 1# - MAIN ENTRY--PERSONAL NAME | |
| Personal name | Kumar, G. Ram. |
| -- | 0000159115 |
| 245 10 - TITLE STATEMENT | |
| Title | Cyber crimes : |
| Remainder of title | a primer on internet threats and e-mail abuses / |
| Statement of responsibility, etc. | G. Ram Kumar. |
| 260 ## - PUBLICATION, DISTRIBUTION, ETC. (IMPRINT) | |
| Place of publication, distribution, etc. | New Delhi : |
| Name of publisher, distributor, etc. | Viva Books, |
| Date of publication, distribution, etc. | 2006. |
| 300 ## - PHYSICAL DESCRIPTION | |
| Extent | xx, 156 p. |
| 650 #0 - SUBJECT ADDED ENTRY--TOPICAL TERM | |
| Topical term or geographic name as entry element | Computer crimes. |
| -- | 0000159116 |
| 908 ## - PUT COMMAND PARAMETER (RLIN) | |
| Put command parameter | 080416 |
| 950 ## - LOCAL HOLDINGS (RLIN) | |
| -- | 1 |
| Withdrawn status | Lost status | Source of classification or shelving scheme | Not for loan | Home library | Current library | Date acquired | Total Checkouts | Full call number | Barcode | Date last seen | Date last checked out | Price effective from | Koha item type |
|---|---|---|---|---|---|---|---|---|---|---|---|---|---|
| Library of Congress Classification | Kabarak, Main Campus | Kabarak, Main Campus | 17/12/2015 | 3 | HV6773.2 .K86 | 005869 | 19/08/2016 | 13/06/2016 | 17/12/2015 | General Collection |